000 00495nam a22001577a 4500
003 NUST
082 _a200
100 _aUllah Saif
_9126416
245 _aAdvanced and Intelligent Controller Design for Electric Vehicles /
_cSaif Ullah
264 _aIslamabad :
_bSEECS, NUST,
_c2022.
300 _a40 p. ;
650 _aMS- Electrical Engineering
_923567
700 _aSupervisor: Dr. Rameez Hayat
_9106513
856 _uhttp://10.250.8.41:8080/xmlui/handle/123456789/31809
942 _2ddc
_cSC
999 _c592872
_d592872